000 00370nam a2200133Ia 4500
005 20260328101514.0
008 260328s9999||||xx |||||||||||||| ||und||
100 _aPromyslov, V.
245 0 _aMoscow in Construction :
_b Industrialized methods of Building /
_cV. Promyslov
260 _bMIR Publishers
300 _a364 p.
650 _aARQUITECTURA REGIONAL
942 _cBK
999 _c9309
_d9309